Buying in to EU procurement (Record no. 118307)

MARC details
000 -LEADER
fixed length control field 01347cam a2200241 4500
001 - CONTROL NUMBER
control field ABS68407
008 - FIXED-LENGTH DATA ELEMENTS--GENERAL INFORMATION
fixed length control field 041116n2004 000 0 eng u
035 ## - SYSTEM CONTROL NUMBER
System control number (Sirsi) u127990
100 ## - MAIN ENTRY--PERSONAL NAME
Personal name Birkby, G.
245 ## - TITLE STATEMENT
Title Buying in to EU procurement
260 ## - PUBLICATION, DISTRIBUTION, ETC.
Date of publication, distribution, etc. 2004
490 ## - SERIES STATEMENT
Series statement Project
Volume/sequential designation 17(5) October 2004, 21(1)
520 ## - SUMMARY, ETC.
Summary, etc. Explains how new EU procurement directives must be followed, whether you are the authority or a company hoping to win public sector contracts. The revised regulations, which reflect the changes published on 31 March 2004, are likely to come into force in the UK around January 2006. Meanwhile public authorities are encouraged to comply with the provisions of the new directive (Directive 2004/18/EC), in advance of the regulations themselves. The most important changes concern electronic auctions, dynamic purchasing systems, competitive dialogue, environmental issues, framework agreements and contract award criteria. Concludes some of the provisions are unlikely to improve purchasing procedures, but others may be helpful.
590 ## - LOCAL NOTE (RLIN)
Local note ABS
590 ## - LOCAL NOTE (RLIN)
Local note ABS
650 ## - SUBJECT ADDED ENTRY--TOPICAL TERM
Topical term or geographic name entry element DIRECTIVE 2004/18/EC
650 ## - SUBJECT ADDED ENTRY--TOPICAL TERM
Topical term or geographic name entry element EU PROCUREMENT
650 ## - SUBJECT ADDED ENTRY--TOPICAL TERM
Topical term or geographic name entry element ELECTRONIC AUCTIONS
650 ## - SUBJECT ADDED ENTRY--TOPICAL TERM
Topical term or geographic name entry element PFI
650 ## - SUBJECT ADDED ENTRY--TOPICAL TERM
Topical term or geographic name entry element FRAMEWORK AGREEMENTS
690 ## - LOCAL SUBJECT ADDED ENTRY--TOPICAL TERM (OCLC, RLIN)
Topical term or geographic name as entry element BUILDING AND CONSTRUCTION-PROCUREMENT, PARTNERING, TENDERING
942 ## - ADDED ENTRY ELEMENTS (KOHA)
Suppress in OPAC 0
Holdings
Withdrawn status Lost status Source of classification or shelving scheme Damaged status Not for loan Home library Current library Shelving location Date acquired Total Checkouts Full call number Barcode Date last seen Copy number Price effective from Koha item type
    Dewey Decimal Classification     London London Journal article 16/11/2004   ABS68407 127990-1001 06/08/2019 1 06/08/2019 Journal article